000
00240nam a22000857a 4500
008
160914b xxu||||| |||| 00| 0 eng d
100
_9
422
_a
Aggarwal.R.S. ettal
245
_a
Mental Mathematics-IV
260
_a
New Delhi
_b
S. Chand Publications
_c
2011
999
_c
3081
_d
3081